=LDR 00000nam 2200000 4500 =001 INLIS000000000032358 =005 20200803105251 =035 ##$$a 0010-061300000032358 =008 200803###########################0#ind## =041 ##$$a ind =082 ##$$a 2X5.4 =090 ##$$a 2X5.4, Ari d =100 ##$$a ARLYBAN, Muhammad =245 1#$$a Do'a-do'a membuat kaya =260 ##$$a 2005 :$b Yogyakarta =300 ##$$a viii, 134 hal, 18,5 cm =650 #4$$a Do'a dan Wirid =850 ##$$a NBPNMAT